|
|
|
|
| LEADER |
01942cas a2200289 a 4500 |
| 001 |
AALejournalIMF022643 |
| 008 |
230101c9999 xx r poo 0 0eng d |
| 020 |
|
|
|c 5.00 USD
|
| 020 |
|
|
|z 9798400205729
|
| 022 |
|
|
|a 1934-7685
|
| 040 |
|
|
|a BD-DhAAL
|c BD-DhAAL
|
| 110 |
2 |
|
|a International Monetary Fund.
|b Statistics Dept.
|
| 245 |
1 |
0 |
|a Dominica :
|b Technical Assistance Report-External Sector Statistics.
|
| 264 |
|
1 |
|a Washington, D.C. :
|b International Monetary Fund,
|c 2022.
|
| 300 |
|
|
|a 1 online resource (33 pages)
|
| 490 |
1 |
|
|a IMF Staff Country Reports
|
| 500 |
|
|
|a <strong>Off-Campus Access:</strong> No User ID or Password Required
|
| 500 |
|
|
|a <strong>On-Campus Access:</strong> No User ID or Password Required
|
| 506 |
|
|
|a Electronic access restricted to authorized BRAC University faculty, staff and students
|
| 520 |
3 |
|
|a A remote technical assistance (TA) mission on external sector statistics (ESS) was conducted to the Statistics Department of Dominica (SDD) during August 30 to September 10, 2021. The mission was carried out as part of the Caribbean Regional Technical Assistance Centre (CARTAC) work program on ESS. The balance of payments and international investment position (IIP) statistics for Dominica are compiled jointly by the SDD and the Eastern Caribbean Central Bank (ECCB).1 In this context, three staff from the ECCB participated in the mission in their capacity of ESS compilers for Dominica. Fadhila Alfaraj of the IMF's Statistics Department (STA) joined the mission.
|
| 538 |
|
|
|a Mode of access: Internet
|
| 650 |
|
7 |
|a International Agreements and Observance
|2 imf
|
| 650 |
|
7 |
|a International Organizations
|2 imf
|
| 650 |
|
7 |
|a Monetary Policy
|2 imf
|
| 650 |
|
7 |
|a Money and Monetary Policy
|2 imf
|
| 830 |
|
0 |
|a IMF Staff Country Reports; Country Report
|v ;No. 2022/119
|
| 856 |
4 |
0 |
|z Full text available on IMF
|u https://elibrary.imf.org/openurl?genre=journal&issn=1934-7685&volume=2022&issue=119
|z IMF e-Library
|